000 00455nam a2200157 i 4500
001 29695
003 ES-MaACL
005 20230906154056.0
007 t|
008 030122s1960 sp ||||1| spa d
100 1 _aBallesteros Jaime, Lucio.
_925059
245 1 0 _aCanciones a mar y río
_b: poemas /
_cLucio Ballesteros Jaime.
260 _aValencia :
_b[s.n.,
_c1960] (
_fImp. Ortiza)
300 _a92 p. ;
_c24 cm.
852 _aES-MaACL
_jC-5695
_bR.47474
999 _c29695
_d29695